El líder transformador
Uloženo v:
| Hlavní autor: | |
|---|---|
| Médium: | Kniha |
| Jazyk: | španělština |
| Vydáno: |
Santiago
Aguilar Chilena
2005
|
| Vydání: | 1a. ed |
| Témata: | |
| Tagy: |
Přidat tag
Žádné tagy, Buďte první, kdo vytvoří štítek k tomuto záznamu!
|
MARC
| LEADER | 00000cam a2200000 a 4500 | ||
|---|---|---|---|
| 001 | UCK9289 | ||
| 003 | CL-VaPUC | ||
| 008 | 060428e20050000CL |||||||||||||||||spa|d | ||
| 020 | |a 9562394077 | ||
| 082 | 0 | 4 | |a 658.4092 |b FIS |2 21 |
| 100 | 0 | |a Fischman, David |e author |9 499011 | |
| 245 | 1 | 3 | |a El líder transformador |
| 250 | |a 1a. ed | ||
| 300 | |a 339 p | ||
| 942 | |c BK | ||
| 945 | |d 20060428 00:00:00 |a cmena | ||
| 260 | |a Santiago |b Aguilar Chilena |c 2005 | ||
| 650 | 0 | |a Liderazgo |9 271835 | |
| 650 | 0 | |a Administración de empresas |9 260833 | |
| 650 | 0 | |a Administración del personal |9 260442 | |
| 650 | 0 | |a Planificación estratégica |9 259735 | |
| 650 | 0 | |a Motivación |9 315362 | |
| 650 | 0 | |a Inteligencia emocional |9 430453 | |
| 583 | |a last modification |c 20120713 10:23:32 |k Rodrigo Vera | ||
| 999 | |c 316517 |d 316515 | ||
| 952 | |0 0 |1 0 |4 0 |6 658_409200000000000_FIS_2005 |7 0 |8 A |9 390941 |a BIBENE |b BIBENE |d 2019-11-22 |i 4224396 |l 3 |m 2 |o 658.4092 FIS 2005 |p 4224396 |r 2025-01-15 |s 2022-11-14 |w 2019-11-22 |y BK |k ICO | ||
| 952 | |0 0 |1 0 |4 0 |6 658_409200000000000_FIS_2005 |7 0 |8 A |9 390942 |a BIBING |b BIBING |d 2019-11-22 |i 4433459 |o 658.4092 FIS 2005 |p 4433459 |r 2025-01-20 |w 2019-11-22 |y BK |k TRA | ||
| 952 | |0 0 |1 0 |4 0 |6 658_409200000000000_FIS_2005 |7 0 |8 A |9 390943 |a BIBING |b BIBING |d 2019-11-22 |i 4433556 |o 658.4092 FIS 2005 |p 4433556 |r 2025-01-20 |w 2019-11-22 |y BK |k TRA | ||
| 952 | |0 0 |1 0 |4 0 |6 658_409200000000000_FIS_2005 |7 0 |8 A |9 390944 |a BIBING |b BIBING |d 2019-11-22 |i 443353K |o 658.4092 FIS 2005 |p 443353K |r 2025-01-20 |w 2019-11-22 |y BK |k TRA | ||
| 952 | |0 0 |1 0 |4 0 |6 658_409200000000000_FIS_2005 |7 0 |8 A |9 390945 |a BIBING |b BIBING |d 2019-11-22 |i 4433513 |o 658.4092 FIS 2005 |p 4433513 |r 2025-01-20 |w 2019-11-22 |y BK |k TRA | ||
| 952 | |0 0 |1 0 |4 0 |6 658_409200000000000_FIS_2005 |7 0 |8 A |9 390946 |a BIBING |b BIBING |d 2019-11-22 |i 4433491 |o 658.4092 FIS 2005 |p 4433491 |r 2025-01-20 |w 2019-11-22 |y BK |k TRA | ||
| 952 | |0 0 |1 0 |4 0 |6 658_409200000000000_FIS_2005 |7 0 |8 A |9 390947 |a BIBING |b BIBING |d 2019-11-22 |i 4433475 |o 658.4092 FIS 2005 |p 4433475 |r 2025-01-20 |w 2019-11-22 |y BK |k TRA | ||